Southville International School and Colleges
Your cart is empty.
  • Cart
  • Lists
    Public lists Eva Luna New books Lux_list list_1
    Your lists Log in to create your own lists
  • Log in to your account
  • Your cookies
  • Search history
Southville International School and Colleges
  • Advanced search
  • Recent comments
  • Most popular
  • Libraries

Log in to your account

Log in with GOOGLE


If you do not have an external account, but do have a local account, you can still log in:

  1. Home
  2. MARC view: Marie antoinette :
Normal view MARC view ISBD view

Marie antoinette : (Record no. 3056)

[ view plain ]
MARC details
000 -LEADER
fixed length control field 01312cam a22003374a 4500
001 - CONTROL NUMBER
control field 12309720
003 - CONTROL NUMBER IDENTIFIER
control field OSt
005 - DATE AND TIME OF LATEST TRANSACTION
control field 20151015134345.0
008 - FIXED-LENGTH DATA ELEMENTS--GENERAL INFORMATION
fixed length control field 010214s2001 nyuab b 001 0beng
010 ## - LIBRARY OF CONGRESS CONTROL NUMBER
LC control number 2001023493
020 ## - INTERNATIONAL STANDARD BOOK NUMBER
International Standard Book Number 075381305X
040 ## - CATALOGING SOURCE
Original cataloging agency DLC
Transcribing agency DLC
Modifying agency DLC
042 ## - AUTHENTICATION CODE
Authentication code pcc
043 ## - GEOGRAPHIC AREA CODE
Geographic area code e-fr---
050 00 - LIBRARY OF CONGRESS CALL NUMBER
Classification number DC 137.1
Item number .F862 2001
082 00 - DEWEY DECIMAL CLASSIFICATION NUMBER
Classification number IB 944.035
100 1# - MAIN ENTRY--PERSONAL NAME
Personal name Fraser, Antonia.
Dates associated with a name 1932-
245 10 - TITLE STATEMENT
Title Marie antoinette :
Remainder of title the journey /
Statement of responsibility, etc Antonia Fraser.
260 ## - PUBLICATION, DISTRIBUTION, ETC. (IMPRINT)
Place of publication, distribution, etc New York :
Name of publisher, distributor, etc N.A. Talese/Doubleday,
Date of publication, distribution, etc c2001.
300 ## - PHYSICAL DESCRIPTION
Extent xxii, 512 p. :
Other physical details ill. (some col.), map ;
Dimensions 25 cm.
600 00 - SUBJECT ADDED ENTRY--PERSONAL NAME
Personal name Marie Antoinette,
Titles and other words associated with a name Queen, consort of Louis XVI, King of France,
Dates associated with a name 1755-1793
650 #0 - SUBJECT ADDED ENTRY--TOPICAL TERM
Topical term or geographic name as entry element Queens
Geographic subdivision France
Form subdivision Biography.
651 #0 - SUBJECT ADDED ENTRY--GEOGRAPHIC NAME
Geographic name France
General subdivision History
Chronological subdivision Louis XVI, 1774-1793.
856 42 - ELECTRONIC LOCATION AND ACCESS
Materials specified Contributor biographical information
Uniform Resource Identifier <a href="http://www.loc.gov/catdir/bios/random053/2001023493.html">http://www.loc.gov/catdir/bios/random053/2001023493.html</a>
856 41 - ELECTRONIC LOCATION AND ACCESS
Materials specified Sample text
Uniform Resource Identifier <a href="http://www.loc.gov/catdir/samples/random042/2001023493.html">http://www.loc.gov/catdir/samples/random042/2001023493.html</a>
856 42 - ELECTRONIC LOCATION AND ACCESS
Materials specified Publisher description
Uniform Resource Identifier <a href="http://www.loc.gov/catdir/description/random046/2001023493.html">http://www.loc.gov/catdir/description/random046/2001023493.html</a>
906 ## - LOCAL DATA ELEMENT F, LDF (RLIN)
a 7
b cbc
c orignew
d 1
e ocip
f 20
g y-gencatlg
942 ## - ADDED ENTRY ELEMENTS (KOHA)
Source of classification or shelving scheme Library of Congress Classification
Koha item type Books
Holdings
Withdrawn status Lost status Damaged status Home library Current library Shelving location Date acquired Total Checkouts Full call number Barcode Date last seen Copy number Price effective from Koha item type
      Luxembourg Library Luxembourg Library International Baccalaureate Section 06/25/2013   DC 137.1 .F862 2001 14794 08/13/2013 1 06/25/2013 Books

Marie antoinette :

APA

Fraser A., . (2001). Marie antoinette. New York: N.A. Talese/Doubleday.

Chicago

Fraser Antonia, . 2001. Marie antoinette. New York: N.A. Talese/Doubleday.

Harvard

Fraser A., . (2001). Marie antoinette. New York: N.A. Talese/Doubleday.

MLA

Fraser Antonia, . Marie antoinette. New York: N.A. Talese/Doubleday. 2001.

  • Place hold
  • Print
  • Cite
  • Add to your cart (remove)
  • Save record
    BIBTEX Dublin Core MARCXML MARC (non-Unicode/MARC-8) MARC (Unicode/UTF-8) MARC (Unicode/UTF-8, Standard) MODS (XML) RIS
  • More searches
    Search for this title in:
    Other Libraries (WorldCat) Other Databases (Google Scholar) Online Stores (Bookfinder.com) Open Library (openlibrary.org)

Exporting to Dublin Core...

SOUTHVILLE LIBRARY

Southville International School and Colleges Library

1281 Tropical Ave. Cor. Luxembourg St., BF Homes International, Las Pinas City

Tel. No. 8256374 / 252358 Loc. 117/146

Powered by Koha